Name the Country Singers - Statistics

General Stats
  • This quiz has been taken 12 times
  • The average score is 9 of 16
Answer Stats
Picture Answer % Correct
Dolly Parton
100%
Johnny Cash
90%
Willie Nelson
90%
George Strait
80%
Alan Jackson
70%
Randy Travis
70%
Hank Williams
60%
Toby Keith
60%
Kenny Rogers
50%
George Jones
40%
Keith Whitley
40%
Vince Gill
40%
Merle Haggard
20%
Tracy Lawrence
20%
Waylon Jennings
20%
Marty Robbins
10%
No matching quizzes found
Score Distribution
Percent of People with Each Score
Percentile by Number Answered
Your Score History
You have not taken this quiz